000 00675nam a22002177a 4500
003 OSt
005 20251124154146.0
008 251124b |||||||| |||| 00| 0 eng d
020 _a978-0-470-05678-3.
040 _aDWCL-Main lib
_cOC
082 _aCirc. 624.184 Ag267s 2007
100 _aAghayere, Abi O.
245 _aStructural wood design :
_b a practice-oriented approach using the ASD method
_cAghayere, Abi O.
260 _aN. J. :
_bJohn Wiley & Sons, Inc.,
_cc2007.
300 _axii, 396 pages :
_billustration ;
_c28 cm.
504 _aIncludes index.
650 _21. Building.
650 _22. Wood.
700 _aVigil, Jason
942 _2ddc
_cBK-CIRC
_kCirc.
_n0
999 _c6124
_d6124